000 00446cam a2200181 4500
001 D5917
008 090401t1980 xxu||||| |||| 00| 0 eng d
035 _a(Sirsi) u98229
041 _aeng
050 _a692.5023
110 _aInstitute of Quantity Surveyors
_92491
245 4 _aThe quantity surveyor in the construction industry
260 _aLondon
_bIQS
_c1980
300 _a20p. 22cm
350 _a0
942 _n0
948 _c04/03/1997
999 _c99125
_d99125